Zinc oxide materials and devices III : 20-21, 23 January, 2008, San Jose, California, USA /

Bibliographic Details
Corporate Author: Society of Photo-optical Instrumentation Engineers
Other Authors: Teherani, Ferechteh Hosseini, Litton, Cole W.
Format: Book
Language:English
Published: Bellingham, Washington : SPIE, [2008]
Series:Proceedings of SPIE--the International Society for Optical Engineering ; v. 6895.
Subjects:
Online Access:https://www.spiedigitallibrary.org/conference-proceedings-of-SPIE/6895.toc

MARC

Tag First Indicator Second Indicator Subfields
LEADER 00000cam a2200000 a 4500
001 in00002368821
005 20230417221655.4
008 080331s2008 waua b 101 0 eng d
020 |a 9780819470706 
020 |a 0819470708 
035 |a (OCoLC)ocn216796370 
040 |a LHL  |c LHL  |d TXA  |d UtOrBLW 
049 |a TXAM 
090 |a TP245.Z7  |b Z56 2008 
245 0 0 |a Zinc oxide materials and devices III :  |b 20-21, 23 January, 2008, San Jose, California, USA /  |c Ferechteh Hosseini Teherani, Cole W. Litton, editors ; sponsored and published by SPIE. 
246 3 0 |a Zinc oxide materials and devices three 
246 3 |a Zinc oxide materials and devices 3 
264 1 |a Bellingham, Washington :  |b SPIE,  |c [2008] 
264 4 |c ©2008 
300 |a 1 volume (various pagings) :  |b illustrations ;  |c 28 cm. 
336 |a text  |b txt  |2 rdacontent 
337 |a unmediated  |b n  |2 rdamedia 
338 |a volume  |b nc  |2 rdacarrier 
490 1 |a Proceedings / SPIE--the International Society for Optical Engineering ;  |v v. 6895 
504 |a Includes bibliographical references and index. 
650 0 |a Zinc oxide  |x Optical properties  |v Congresses. 
650 0 |a Optoelectronic devices  |x Materials  |v Congresses. 
650 0 |a Photonics  |v Congresses. 
650 0 |a Semiconductors  |v Congresses. 
700 1 |a Teherani, Ferechteh Hosseini. 
700 1 |a Litton, Cole W. 
710 2 |a Society of Photo-optical Instrumentation Engineers. 
830 0 |a Proceedings of SPIE--the International Society for Optical Engineering ;  |v v. 6895. 
856 4 1 |u https://www.spiedigitallibrary.org/conference-proceedings-of-SPIE/6895.toc  |t 0 
948 |a cataloged  |b h  |c 2008/4/22  |d c  |e dmitchel  |f 8:50:40 am 
994 |a C0  |b TXA 
999 |a MARS 
999 f f |s c17ea64c-b855-3e52-860f-d2ad493180ae  |i 470b9403-e421-3876-ac95-fcadd1b98263  |t 0 
952 f f |p ric  |a Texas A&M University  |b Rellis Campus  |c Joint Library Facility  |d Remote Storage  |t 0  |e TP245.Z7 Z56 2008  |h Library of Congress classification  |i unmediated -- volume  |m A14837168462 
998 f f |a TP245.Z7 Z56 2008  |t 0  |l Remote Storage